00437 2200169 4500001002100000005001500021008004100036020001800077035001900095082001000114090001600124100001700140245002400157260003300181300002800214650002500242INLIS00000000000663820241224113326241224||||||||| | ||| |||| ||  a979-407-329-6 0010-12240066380 a910.4 a910.4 DUN b0 aGazali Dunia00aBianglala Peristiwa aJakartabbalai pustakac1993 a20,5x14,5 cm, 200 hlm.; 0aSejarah dan Geografi